| 000 | 01176nam2a22002531 4500 | ||
|---|---|---|---|
| 001 | RU\NLR\INFOCOMM17\1000408305 | ||
| 005 | 20250617065854.0 | ||
| 035 | _a(NLR Aleph) 002537347 | ||
| 090 |
_a2902816 _c2902816 |
||
| 100 | _a20040421d1933 |||y0rusy50 ca | ||
| 101 | 0 | _arus | |
| 102 | _aRU | ||
| 105 | _ay ||||||||| | ||
| 200 | 1 |
_aСактычулский золоторудный участок и калиостровское золотосодержащее железорудное месторождение (Кузнецкий Алатау) _fА.Я. Булынников |
|
| 210 |
_d1933 _aБ. м. |
||
| 461 | 0 |
_1001RU\NLR\INFOCOMM17\1000408304 _12001#$aМатериалы по геологии Западной Сибири$fЗап.-Сиб. геол. упр.$vВып.1 _92902807 _cТомск _d1933-1965 _fЗап.-Сиб. геол. упр. _nЗап.-Сиб. геол. упр. _tМатериалы по геологии Западной Сибири _vВып.1 |
|
| 700 | 1 |
_aБулынников _bА.Я. _4070 |
|
| 801 | 1 |
_aRU _bInfoComm _c20040421 |
|
| 801 | 0 |
_aRU _bNLR _gPSBO |
|
| 852 |
_aNLR _j33-19/427 |
||
| 942 | _cISSUE | ||
| 980 | _aNB | ||
| 980 | _aRUSPER | ||